000 00363nam a22001577a 4500
005 20160625113623.0
008 160625b xxu||||| |||| 00| 0 eng d
041 _aeng
082 _b10166
100 _aKnight, Robert M
_92069
245 _aThe Craff of Clarity
260 _bSurjeet
_c2003
300 _a139
650 _aMass Communication
_92660
942 _cBK
999 _c3976
_d3975